| 000 | 00447nam a2200169Ia 4500 | ||
|---|---|---|---|
| 003 | GCL | ||
| 008 | 140319s9999 xx 000 0 eng d | ||
| 040 |
_aGCL / _cGCL |
||
| 082 | 0 | 4 |
_a610.6952 _bM T |
| 100 | 1 | _aTEALE, G. R. | |
| 245 | 1 | 0 |
_aTHE PRACTICAL HOUSE OFFICER / _cTEALE, G. R. |
| 700 | 1 | _aMITCHELL, I. A. | |
| 260 |
_a[S.N] : _bBLACKWELL SCIENTIFIC PUBLICATIONS ، _c1992 |
||
| 300 | _a245 P | ||
| 650 | 0 | 4 | _aPHYSICIANS |
| 942 |
_2ddc _cBK |
||
| 999 |
_c20858 _d20858 |
||